000 01046nas a2200349 4500
001 BR0603517
003 BR-BrBNA
005 20231205110230.0
007 ta
008 230509b bl.|||p| |||| 00| 00por d
040 _aBR-BrBNA
_bpor
_cBiblioteca Nacional de Agricultura
041 _a(Pt)
072 _aL72
100 1 _aBenigno, R.N.M.
100 1 _aChagas, A.M.
100 1 _aFerreira, R.N.
100 1 _aPinto, M. das N.
100 1 _aPereira, W.L.A.
100 1 _aFreire, N.M.S.
245 1 _aÍndices de infecção por Mammomonogamus laryngeus (Railliet, 1899)em búfalos da ilha de Marajó, Estado do Pará - Brasil
650 _aBÚFALO
650 _aPRAGA DE ANIMAL
650 _aNEMATÓIDE
650 _aLARINGE
650 _aINFECÇÃO
650 _aANÁLISE ESTATÍSTICA
650 _aMICROSCOPIA
650 _aPARÁ
773 0 _tRevista de Ciências Agrárias (Brazil)
_xISSN 1517-591X
_g(Jan-Jun 2005), no. 43 p. 129-135
_wBR0603517
909 _a202311
_bLúcia
_c55
_dLúcia Elande
942 _2AGRIS
_n0
_cANA
999 _c186604
_d186604